Una voz acallada o los refugios de un miedo
Wedi'i Gadw mewn:
| Prif Awdur: | |
|---|---|
| Fformat: | Anhysbys |
| Cyhoeddwyd: |
Colombia:
Agora,
|
| Pynciau: | |
| Tagiau: |
Ychwanegu Tag
Dim Tagiau, Byddwch y cyntaf i dagio'r cofnod hwn!
|
MARC
| LEADER | 000000000a22000000004500 | ||
|---|---|---|---|
| 001 | 000090 | ||
| 100 | 1 | |a Trujillo, Margarita | |
| 245 | 1 | 0 | |a Una voz acallada o los refugios de un miedo |
| 260 | |a Colombia: |b Agora, | ||
| 310 | |a semestral | ||
| 650 | 4 | |a MITOS | |
| 650 | 4 | |a MINOTAURO | |
| 773 | 0 | |t Con-Textos: Revista de Semiótica Literaria | |
| 773 | 0 | |g 2 | |
| 773 | 0 | |g 15 | |
| 773 | 0 | |g 1995 | |
| 773 | 0 | |g 61-79 | |
| 999 | |c 832 |d 832 | ||
